Émission TV invité vtep les plus capé - Statistiques

Statistiques générales
  • Ce quiz a été pris 34 fois
  • Le résultat moyen est 4 sur 15
Statistiques - réponses
Participation Nom % Correct
64 Cartman
64%
38 Artus
46%
53 Tsamere
43%
53 Doumbia
32%
39 Jarry
32%
30 Cerf
29%
31 Titof
29%
53 Guillon
21%
55 Peyre
18%
40 Tagbo
14%
27 Credeville
7%
34 Girard
7%
29 Badouri
4%
29 Saint Laurent
4%
33 Ducres
0%
Aucun quiz correspondant
Distribution des résultats
% des personnes avec chaque résultat
Percentile par nombre de réponses
Votre historique - résultats
Vous n’avez pas pris ce quiz